| 000 | 01441nam a22002297a 4500 | ||
|---|---|---|---|
| 005 | 20260115113928.0 | ||
| 006 | a|||||r||||||||||| | ||
| 008 | s1996 enka || 001 ||eng d | ||
| 020 | _a9780750625302 | ||
| 040 |
_aGR-AtMCL _dGR-AtMCL _bgre _eAACR2 |
||
| 100 |
_aTaylor, D. A. _910269 |
||
| 245 | 1 | 0 |
_aIntroduction to marine engineering / _cD.A. Taylor. |
| 250 | _a2nd ed., rev. | ||
| 260 |
_aOxford ; _aBoston : _bButterworth Heinemann, _c1996. |
||
| 300 |
_a372 p. : _bill. ; _c24 cm. |
||
| 500 | _aIncludes index. | ||
| 520 | _aThis second edition deals comprehensively with all aspects of a ship's machinery from propulsion and steering to deck machinery and electrical equipment with a strong emphasis upon correct and safe procedures. Material has been added and revised to reflect the greater weight now being placed upon the cost-effective operation of ships; in terms of greater equipment reliability, more fuel-efficient engines, the ever-increasing shift towards automatically operated machinery, and the need for fewer engineering crew. This is an invaluable guide for professionals but equally covers the requirements for Class 4 and Class 3 Engineer's Certificates of Competency, the first two years of the Engineer Cadet Training Scheme, and the Engineering Knowledge syllabus for the Master's Certificate. | ||
| 650 | 0 | _aMarine engineering. | |
| 650 | 0 |
_aEngineering _99979 |
|
| 942 | _cBK | ||
| 999 |
_c10050 _d10050 |
||